| 000 | 01887nam a2200229Ia 4500 | ||
|---|---|---|---|
| 003 | Ost | ||
| 005 | 20260416102359.0 | ||
| 008 | 260416s9999||||xx |||||||||||||| ||und|| | ||
| 040 | _cfsecg | ||
| 041 | _aara | ||
| 082 | _a330.09 | ||
| 100 |
_aبوناب، ابراهيم محمد أمين _eمؤلف |
||
| 245 | 0 |
_aدروس في مقياس تاريخ الوقائع الاقتصادية : _bمطبوعة بيداغوجية موجهة لطلبة السنة اولى جذع مشترك في العلوم الاقتصادية و العلوم التجارية و علوم التسيير / _c ابراهيم محمد أمين بوناب |
|
| 260 |
_aالجزائر _bجامعة الجزائر3: كلية العلوم الإقتصادية، العلوم التجارية وعلوم التسيير _c2022 |
||
| 300 |
_a102 ورقة _bايضاحات _c30 سم |
||
| 504 | _aالمراجع ص.94 | ||
| 520 | _aماهية الوقائع الاقتصادية ، الوقائع الاقتصادية خلال العصور القديمة ، الوقائع الاقتصادية خلال العصور الوسطى في العالم الغربي ، الوقائع الاقتصادية خلال العصور الوسطى في العالم الاسلامي ، النظام الاقتصادي الرأسمالي ، الازمة الاقتصادية العالمية لسنة 1929 ، النظام الاقتصادي الاشتراكي ، النظام الاقتصادي العالمي الجديد و آلياته ، الاتجاهات الجديدة للاقتصاد العالمي و قضايا اقتصادية معاصرة . | ||
| 653 | _aالاقتصاد-تاريخ | ||
| 653 | _aالتاريخ الاقتصادي | ||
| 710 |
_aجامعة الجزائر3: كلية العلوم الإقتصادية، العلوم التجارية وعلوم التسيير _eناشر علمي |
||
| 942 | _cHANDOUT | ||
| 999 |
_c41326 _d41326 |
||